LEADER 01225nam a2200277 i 4500 001 991002178019707536 005 20020507161015.0 008 990922s1962 it ||| | ita 035 $ab11619910-39ule_inst 035 $aLE02731822$9ExL 040 $aDip.to Studi Giuridici$bita 082 0 $a349.37 084 $aR-VIII 100 1 $aCannata, Carlo Augusto$0231438 245 10$aPossessio, possessor, possidere nelle fonti giuridiche del Basso Impero romano :$bcontributo allo studio del sistema dei rapporti reali nell'epoca postclassica /$cAugus Carlo Cannata 260 $aMilano :$bA. Giuffrè,$c1962 300 $avii, 197 p. ;$c25 cm. 490 0 $aFondazione Guglielmo Castelli ;$v31 650 4$aPossesso$xDiritto romano 907 $a.b11619910$b01-03-17$c02-07-02 912 $a991002178019707536 945 $aLE027 ARCHI M 242$g1$i2027000294220$lle027$o-$pE0.00$q-$rl$s- $t0$u1$v0$w1$x0$y.i11836787$z02-07-02 945 $aLE027 R-VIII 60$g1$iLE027I-2972$lle027$o-$pE0.00$q-$rl$s- $t0$u0$v0$w0$x0$y.i11836799$z02-07-02 996 $a"Possessio" "possessor" "possidere" nelle fonti giuridiche del basso impero romano$9646105 997 $aUNISALENTO 998 $ale027$b01-01-99$cm$da $e-$fita$git $h0$i2 LEADER 01379nam2 22003131i 450 001 UON00527678 005 20250330110521.354 010 $a979-12-215-0474-3 100 $a20250218d2024 |0itac50 ba 101 $aita 102 $aIT 105 $a|||| ||||| 200 1 $aˆ1: ‰Cento anni di slavistica a Padova $fa cura di Rosanna Benacchio 210 $aFirenze$cFirenze University Press$d2024 215 $a206 p.$cill.$d24 cm 410 1$1001UON00387565$12001 $aBiblioteca di Studi Slavistici$1210 $aFirenze$cFirenze University Press$v57 461 1$1001UON00527680$12001 $aContributi presentati al 7. Congresso Italiano di Slavistica$1210 $aFirenze$cFirenze University Press$d2024$1215 $a2 v.$d24 cm$v1 606 $aSLAVISTICA$xCONGRESSI$3UONC043436$2FI 606 $aSLAVISTICA$xITALIA$xSTORIA$3UONC067697$2FI 620 $aIT$dFirenze$3UONL000052 676 $a891.8$cLetterature slave$v21 702 1$aBenacchio$bRosanna$3UONV119432 712 $aFirenze University Press$3UONV266087$4650 801 $aIT$bSOL$c20250404$gRICA 899 $aSIBA - SISTEMA BIBLIOTECARIO DI ATENEO$2UONSI 912 $aUON00527678 950 $aSIBA - SISTEMA BIBLIOTECARIO DI ATENEO$dSI FL 15 0250 $eSI 52386 5 0250 996 $aCento anni di slavistica a Padova$94314852 997 $aUNIOR